La asesoría parlamentaria : de la teoría a la práctica /

Detalles Bibliográficos
Autor principal: Lorenzo Rodriguéz-Armas, Magdalena (Autor)
Formato: Electrónico eBook
Lenguaje:español
Publicado: Madrid : Dextra Editorial : skr ediciones, [2024]
Colección:Micromiradas.
Materias:
Acceso en línea:Digitalia Hispánica

MARC

LEADER 00000nam a2200000Ii 4500
001 DIGDEXT0115
003 NyNyDIG
006 m o d
007 cr |||||||||||
008 250909s2024 sp ob 000 0 spa d
035 |a (OCoLC)1535344118 
040 |a DGITA  |b eng  |e rda  |e pn  |c DGITA 
020 |a 9788410026285  |q eBook 
020 |z 9788410026278 
050 1 4 |a JF331 ebook 
100 1 |a Lorenzo Rodriguéz-Armas, Magdalena,  |e author. 
245 1 3 |a La asesoría parlamentaria :  |b de la teoría a la práctica /  |c Magdalena Lorenzo Rodríguez-Armas.  
264 1 |a Madrid :  |b Dextra Editorial :  |b skr ediciones,  |c [2024] 
300 |a 1 online resource. 
336 |a text  |b txt  |2 rdacontent 
337 |a computer  |b c  |2 rdamedia 
338 |a online resource  |b cr  |2 rdacarrier 
347 |a text file  |2 rdaft 
347 |b PDF 
490 1 |a Colección Micromiradas 
504 |a Includes bibliographical references. 
588 0 |a Online resource; title from PDF title page (Digitalia, viewed September 9, 2025) 
650 0 |a Cabinet system. 
650 0 |a Legal consultants. 
650 0 |a Parliamentary practice. 
791 2 |a Digitalia (Firm),  |e distributor. 
793 0 |g Digitalia eBook Collection:  |a Dextra Editorial 
776 0 8 |i Print version:  |a Lorenzo Rodriguéz-Armas, Magdalena.  |t Asesoría parlamentaria.  |d Madrid : Dextra Editorial : skr ediciones, [2024]  |z 9788410026278 
830 0 |a Micromiradas. 
856 4 0 |3 Digitalia Hispánica  |u https://www.digitaliapublishing.com/a/180577/ 
910 |a Premium collection: 2025